00360nam a2200133Ia 4500008004100000020001500041050001600056100003100072245003900103250000600142260002400148300003500172650001900207120626s9999 sp 000 0 spa d a8432971014 aNC905 bV47 aVelasco, Jorge Luiseautor aDibujando a pluma c/ J.L. Velasco a7 aBarcelona b: CEAC a141 páginasb: ilustraciones 0aDIBUJO A PLUMA